Việt nam điểm đến của thiên niên kỷ mới Việt Nam qua con mắt các nhà báo nước ngoài

Αποθηκεύτηκε σε:
Λεπτομέρειες βιβλιογραφικής εγγραφής
Κύριος συγγραφέας: BỘ NGOẠI GIAO
Μορφή: Βιβλίο
Γλώσσα:Undetermined
Έκδοση: Hà Nội QĐND 2002
Θέματα:
Ετικέτες: Προσθήκη ετικέτας
Δεν υπάρχουν, Καταχωρήστε ετικέτα πρώτοι!
Thư viện lưu trữ: Trung tâm Học liệu Trường Đại học Cần Thơ
LEADER 00607nam a2200181Ia 4500
001 CTU_48142
008 210402s9999 xx 000 0 und d
082 |a 330.9597 
082 |b B450 
100 |a BỘ NGOẠI GIAO 
245 0 |a Việt nam điểm đến của thiên niên kỷ mới 
245 0 |b Việt Nam qua con mắt các nhà báo nước ngoài 
245 0 |c BỘ NGOẠI GIAO 
260 |a Hà Nội 
260 |b QĐND 
260 |c 2002 
650 |a vietnam - economic conditions - developing countries 
980 |a Trung tâm Học liệu Trường Đại học Cần Thơ